Pięć najmniejszych państw według kontynentu - Statystyki

Ogólne statystyki
  • Ten quiz został rozwiązany 29 748 razy
  • Średni wynik to 18 z 30
Statystyki odpowiedzi
continent km2 country % Poprawnych
Europa 0.44 Watykan
98%
Europa 61 San Marino
92%
Europa 2.02 Monako
90%
Europa 160 Liechtenstein
89%
Europa 316 Malta
72%
Ameryka Południowa 214,969 Gujana
67%
Ameryka Południowa 176,215 Urugwaj
67%
Ameryka Południowa 406,752 Paragwaj
65%
Ameryka Południowa 163,820 Surinam
65%
Ameryka Południowa 276,841 Ekwador
64%
Azja 716 Singapur
59%
Oceania 21 Nauru
57%
Afryka 452 Seszele
56%
Oceania 459 Palau
55%
Afryka 964 Wyspy Świętego Tomasza i Książeca
55%
Oceania 26 Tuvalu
54%
Afryka 4,033 Republika Zielonego Przylądka
52%
Azja 765 Bahrajn
51%
Azja 5,765 Brunei
51%
Oceania 702 Mikronezja
50%
Oceania 181 Wyspy Marshalla
50%
Afryka 1,862 Komory
49%
Ameryka Północna 261 Saint Kitts i Nevis
49%
Ameryka Północna 430 Barbados
47%
Azja 300 Malediwy
47%
Afryka 2,040 Mauritius
47%
Ameryka Północna 389 Saint Vincent i Grenadyny
47%
Ameryka Północna 442 Antigua i Barbuda
44%
Ameryka Północna 344 Grenada
43%
Azja 9,251 Cypr
38%
Nie znaleziono quizów pasujących do podanych kryteriów
Rozkład punktacji
Procent ludzi z każdym wynikiem
Percentyl według liczby udzielonych odpowiedzi
Twoja historia wyników
Nie rozwiązałeś tego quizu